II. Özürlüler Şurası (Record no. 6877)

MARC details
000 -BAŞLIK
Sabit Uzunlukta Kontrol Alanı 00752na a2200229 4500
001 - KONTROL NUMARASI
Denetim Alanı 13725
003 - KONTROL NUMARASI IDENTIFIER
Denetim Alanı MIRAKIL
005 - SON İŞLEM TARİHİ VE ZAMANI
Denetim Alanı 20181213155122.0
008 - SABİT-BOY VERİ ELEMANLARI - GENEL BİLGİLER
Sabit Uzunlukta Kontrol Alanı 161025b tu 000 0
035 ## - SİSTEM KONTROL NUMARASI
Sistem Kontrol Numarası 13725
040 ## - KATALOGLAMA KAYNAK
Orijinal Kataloglama Ajansı Milas
Kataloglama Dili tur
Metne Dönüştürmek Ajansı TR-AnCHP
041 ## - DİL KODU
Metin / Ses Parça Veya Ayrı Başlığın Dil Kodu tur
082 ## - DEWEY ONLU SINIFLANDIRMA NUMARASI
Sınıflandırma Numarası 305.908
Ürün Numarası Ö99i 2005
090 ## - SINIFLAMA NUMARASI
Sınıflama Numarası 305.908 Ö99i2005
111 ## - ANA GİRİŞ - TOPLANTI ADI
Giriş Elemanı Olarak Toplantı Adı Veya Yargı Alanı Adı Özürlüler Şurası
Toplantının Yeri Ankara
Toplantı Veya Antlaşma İmzalandığı Tarihi 26-28 Eylül 2005
Bölüm / Bölüm / Toplantı Sayısı II.
245 ## - BAŞLIK TABLOSU
Başlık II. Özürlüler Şurası
Başlığın Kalan yerel yönetimler ve özürlüler
Sorumluluk Tablosu, Vb T.C. Başbakanlık Özürlüler İdaresi Başkanlığı
246 ## - UNVAN FORM VARYING
Başlık Doğru / Kısa Başlığı Yerel yönetimler ve özürlüler
260 ## - YAYIN, DAĞITIM, VB
Yayın, Dağıtım, Vb Yeri Ankara
Yayıncı, Dağıtıcı, Vs Adı Özürlüler İdaresi Başkanlığı
Yayın, Dağıtım, Vb Tarihi 2005
300 ## - FİZİKSEL TANIM
Kapsam 258 s.
Boyutlar 24 sm.
650 ## - KONU KATMA GİRİŞ - TOPİKAL DÖNEM
Topikal Süreli Veya Coğrafi Ad Giriş Elemanı Engelliler
Kronolojik Alt Bölümü Toplantılar
Coğrafi Alt Bölümü Türkiye
942 ## - EKLENDİ GİRİŞ ELEMANLARI (KOHA)
Sınıflandırma Veya Raf Düzeni Kaynak Dewey Decimal Classification
Koha Öğesi Türü Books
999 ## - SİSTEM KONTROL NUMARALARI (KOHA)
Koha Biblionumber 6877
Koha Biblioitemnumber 6877
Holdings
Kalıcı Konum Mevcut Konum Edinme Tarihi Edinim Kaynak Toplam Check-Out'Lar Tam Çağrı Numarası Barkod Tarih Son Görülme İtibaren Geçerli Fiyatlar Koha Öğesi Türü Kopya Sayısı
CHP Kütüphanesi CHP Kütüphanesi 08/16/2016 Bağış   305.908 Ö99i2005 001537 08/16/2016 08/16/2016 Books  
CHP Kütüphanesi CHP Kütüphanesi 11/10/2016 Bağış   305.908 Ö99i2005 008576 11/10/2016 11/10/2016 Books k.2